000 00683nam a2200193 i 4500
001 63319
003 ES-MaACL
005 20230906164827.0
007 t|
008 031209s1930 sp ||||1| spa d
100 1 _aFerraris, Teodoro.
_950329
245 1 0 _aTratado de patología y terapéutica vegetales
_b: parásitos vegetales de las plantas cultivadas o útiles /
_cTeodoro Ferraris.
250 _a1ª ed. española traducida de la 3ª italiana
_bpor Miguel Benlloch y José del Cañizo.
260 _aBarcelona :
_bSalvat,
_c1930.
300 _a2 v. ;
_c24 cm.
700 1 _aBenlloch, Miguel.
_927719
700 1 _aCañizo, José del.
_934761
852 _aES-MaACL
_jA-1640-41
999 _c63319
_d63319